| 000 | 00412pab a2200157 454500 | ||
|---|---|---|---|
| 008 | 180718b2006 xxu||||| |||| 00| 0 eng d | ||
| 100 | _aSubba Rao, K.G.K. | ||
| 245 | _aIndebtedness of cultivator households: some puzzling results | ||
| 260 | _c2006 | ||
| 300 | _ap.3460-463 | ||
| 362 | _a12 Aug | ||
| 650 | _aHouseholds | ||
| 650 | _aCultivation | ||
| 773 | _aEconomic and Political Weekly | ||
| 909 | _a70705 | ||
| 999 |
_c70705 _d70705 |
||